S láskou z Paríža /
Paríž je najromantickejším miestom na svete, ale Siena odtiaľ uteká pred panovačnou matkou a snúbencom. Útočisko hľadá u sestry neďaleko Londýna, ale Laurie zmenila plány, a tak Siene robí spoločnosť Jason. Spoločné bývanie je pre oboch komplikáciou, ale postupne si jeden na druhého zvykajú. Ich pra...
Uloženo v:
| Série: | S láskou z...(SK),
část 2 |
|---|---|
| Hlavní autor: | |
| Médium: | E-kniha |
| Jazyk: | Czech |
| Vydáno: |
Praha :
Albatros Media Slovakia s.r.o.,
2025
|
| Příbuzné jednotky: | Z cyklu::
S láskou z...(SK) |
| Tagy: |
Žádné tagy |
| LEADER | 01614nam a22002417i 4500 | ||
|---|---|---|---|
| 001 | 302712 | ||
| 007 | ta | ||
| 008 | 260514s2025 xr ||||| |||| 00| 0 cze d | ||
| 020 | |a 9788056648780 | ||
| 044 | |a xr | ||
| 100 | 1 | |a Wake, Jules |4 aut | |
| 245 | 1 | 0 | |a S láskou z Paríža / |c Wake, Jules |
| 240 | 1 | 0 | |a From Paris with Love |
| 264 | 1 | |a Praha : |b Albatros Media Slovakia s.r.o., |c 2025 | |
| 300 | |a 1 online zdroj (368 stran) | ||
| 336 | |a text |b txt |2 rdacontent | ||
| 337 | |a bez média |b n |2 rdamedia | ||
| 338 | |a online zdroj |b cr |2 rdacarrier | ||
| 520 | 2 | |a Paríž je najromantickejším miestom na svete, ale Siena odtiaľ uteká pred panovačnou matkou a snúbencom. Útočisko hľadá u sestry neďaleko Londýna, ale Laurie zmenila plány, a tak Siene robí spoločnosť Jason. Spoločné bývanie je pre oboch komplikáciou, ale postupne si jeden na druhého zvykajú. Ich pracovný víkend v Paríži sa premení na chvíle plné túžby. No od Sieny sa očakáva, že sa vráti do Francúzska. Vianoce sú však časom splnených prianí, nie povinností. A jej tajné prianie môže splniť iba Jason... | |
| 787 | 0 | 8 | |g 2 |i Z cyklu: |t S láskou z...(SK) |
| 910 | |a RBIT002 | ||
| 998 | |d 426969 |a https://core.palmknihy.cz/api/books/426969/cover?tesgi6 |b https://core.palmknihy.cz/api/books/426969/cover/400?tesgi6 |c https://core.palmknihy.cz/api/books/426969/cover/50?tesgi6 |e 2029-06-20 |g 368 |i 9788056648780 |j https://core.palmknihy.cz/api/books/426969/preview.epub |k https://core.palmknihy.cz/api/books/426969/preview.pdf |l |q 49 |r 1 |s https://www.palmknihy.cz/kniha/426969 |t ebook |y 2025 |z 1 |v S láskou z...(SK) |w 2 | ||
| 999 | |d 302710 | ||